000 01859nam a2200481 i 4500
001 16112
003 KOSZ 005
005 20200515145102.0
008 200515s1975 pl a f 000 0 pol
015 _aUWD 1975/2049
035 _a991020532089705066
035 _a(PL-WaBN)b15567485-48omnis_nlop
035 _ab15567485
035 _a(OCoLC)751431875
035 _a(PL)b0000001556748
035 _a(EXLNZ-48OMNIS_NETWORK)9910108548305606
040 _aWA N
_cWA N
_dKOSZ 005/RW
046 _k1975
080 _a621.78
100 1 _aGrzyb, Janusz
_c(inżynieria materiałowa)
_eAutor
245 1 0 _aUrządzenia do obróbki cieplnej w atmosferach regulowanych /
_cJanusz Grzyb, Józef Trzciałkowski.
260 _aWarszawa :
_bWydawnictwa Naukowo-Techniczne,
_c1975.
300 _a339, [1] stron, [2] karty. tablic :
_bilustracje, tablice, wykresy ;
_c24 cm.
336 _aTekst
_btxt
_2rdacontent
337 _aBez urządzenia pośredniczącego
_bn
_2rdamedia
338 _aWolumin
_bnc
_2rdacarrier
380 _aKsiążki
380 _aPublikacje fachowe
380 _aPublikacje dydaktyczne
388 _a1901-2000
388 _a1945-1989
504 _aBibliografia przy rozdziałach.
521 8 _aKsiążka jest przeznaczona dla inżynierów i techników zajmujących się zagadnieniami obróbki cieplnej i eksploatacji urządzeń. Mogą z niej korzystać również studenci uczelni technicznych.
650 7 _aMetale
_2DBN
650 7 _aObróbka cieplna
_2DBN
650 7 _aUrządzenia
658 _aInżynieria i technika
700 1 _aTrzciałkowski, Józef
_eAutor
710 2 _aWydawnictwa Naukowo-Techniczne
_4pbl
856 _uhttp://koha.tu.koszalin.pl/cgi-bin/koha/opac-detail.pl?biblionumber=16112
_yKatalog online BPK
942 _2UKD
_cKS
999 _c16112
_d16112